[Event "Nordic Championship 2005 women"]
[Site "Vammala FIN"]
[Date "2005.08.31"]
[Round "8.1"]
[White "Ptacnikova, Lenka"]
[Black "Paasikangas-Tella, Johanna"]
[Result "1/2-1/2"]
[WhiteElo "2204"]
[BlackElo "2307"]
[PlyCount "158"]
[EventDate "2005.08.25"]
[EventType "swiss"]
[EventRounds "9"]
[EventCountry "FIN"]
[Source "lmi"]
[SourceDate "2005.09.03"]

1. e4 d5 2. exd5 Qxd5 3. Nc3 Qa5 4. d4 c6 5. Nf3 Nf6 6. Bd2 Bf5 7. Ne4 Qc7 8.
Nxf6+ gxf6 9. g3 Nd7 10. Bg2 h5 11. Nh4 Bg4 12. Bf3 Bxf3 13. Qxf3 e6 14. O-O-O
O-O-O 15. Kb1 Be7 16. Rhe1 Nb6 17. Bf4 Qd7 18. Qe2 Qd5 19. b3 Bb4 20. c4 Qa5
21. Rf1 Rd7 22. Rd3 Rhd8 23. Rfd1 Bc3 24. Be3 Bb4 25. f4 Re8 26. Bd2 Red8 27.
Be3 Bc3 28. Qc2 Bb4 29. Qe2 Re8 30. Bd2 Bxd2 31. Qxd2 Qa3 32. Qe2 Red8 33. Nf3
a5 34. Qb2 Qxb2+ 35. Kxb2 Kc7 36. Kc3 Nc8 37. a4 Nd6 38. Re1 Nf5 39. Red1 b5
40. axb5 cxb5 41. cxb5 Kb6 42. Ne1 Nd6 43. Kb2 Nxb5 44. Nf3 Rd5 45. R3d2 Ka6
46. Rd3 Kb6 47. R3d2 Nd6 48. Rd3 Nf5 49. R1d2 Rg8 50. Rc2 h4 51. Nxh4 Nxh4 52.
gxh4 Rg4 53. Rdc3 Rxh4 54. Rc6+ Kb5 55. Rc7 Rxf4 56. Rb7+ Ka6 57. Rxf7 Rd6 58.
Ka3 f5 59. Rc8 Rfxd4 60. Ra8+ Kb6 61. Re8 Re4 62. Rf6 Kc6 63. h4 Kd7 64. Rh8 a4
65. Rf7+ Kc6 66. h5 axb3 67. h6 b2 68. Rc8+ Kd5 69. Kxb2 Rb6+ 70. Kc3 Rc6+ 71.
Rxc6 Kxc6 72. h7 Rh4 73. Kd3 Kd5 74. Ke3 Ke5 75. Kf3 Rh5 76. Kg3 Ke4 77. Ra7
Ke5 78. Rf7 Rh6 79. Kf3 Rh5 1/2-1/2

[Event "Nordic Championship 2005 women"]
[Site "Vammala FIN"]
[Date "2005.08.31"]
[Round "8.4"]
[White "Vovk, Oksana"]
[Black "Berntsen, Sheila Barth"]
[Result "1-0"]
[WhiteElo "2125"]
[BlackElo "2166"]
[PlyCount "105"]
[EventDate "2005.08.25"]
[EventType "swiss"]
[EventRounds "9"]
[EventCountry "FIN"]
[Source "lmi"]
[SourceDate "2005.09.03"]

1. d4 d5 2. c4 c6 3. Nf3 Nf6 4. Nc3 dxc4 5. a4 Bf5 6. Ne5 e6 7. f3 Nbd7 8. e4
Bg6 9. Nxd7 Nxd7 10. Bxc4 Bb4 11. Be3 O-O 12. O-O Qe7 13. Qb3 e5 14. Rad1 exd4
15. Bxd4 b6 16. Rd2 Bc5 17. Ne2 Ne5 18. Rfd1 Rad8 19. Ba6 Kh8 20. Qe3 Bxd4 21.
Rxd4 Rxd4 22. Qxd4 f6 23. Qd6 Qxd6 24. Rxd6 h5 25. f4 Nf7 26. Rxc6 Bxe4 27. Rc7
Nh6 28. Rxa7 Rd8 29. Nc3 Bc2 30. Bb5 Rd4 31. Rc7 Bb3 32. Rc6 Nf5 33. Rxb6 Ne3
34. Kf2 Ng4+ 35. Ke2 Rxf4 36. Rb8+ Bg8 37. a5 Rf2+ 38. Ke1 Kh7 39. Bd3+ f5 40.
Rxg8 Kxg8 41. a6 Rxg2 42. a7 Rg1+ 43. Bf1 Nxh2 44. a8=Q+ Kh7 45. Kf2 Rxf1+ 46.
Kg2 Rc1 47. Kxh2 Rc2+ 48. Kg3 Rxb2 49. Qd5 g6 50. Qf7+ Kh6 51. Qf8+ Kg5 52.
Ne4+ fxe4 53. Qf4# 1-0

[Event "Nordic Championship 2005 women"]
[Site "Vammala FIN"]
[Date "2005.08.31"]
[Round "8.6"]
[White "Rautanen, Sari"]
[Black "Johansson, Victoria"]
[Result "0-1"]
[WhiteElo "1913"]
[BlackElo "2218"]
[PlyCount "90"]
[EventDate "2005.08.25"]
[EventType "swiss"]
[EventRounds "9"]
[EventCountry "FIN"]
[Source "lmi"]
[SourceDate "2005.09.03"]

1. e4 c5 2. Nf3 Nc6 3. d3 g6 4. g3 Bg7 5. Bg2 d6 6. O-O e6 7. Nbd2 Nge7 8. Re1
O-O 9. Nf1 Rb8 10. h4 h5 11. c3 b5 12. d4 b4 13. Bf4 bxc3 14. bxc3 cxd4 15.
cxd4 Ba6 16. Qd2 Rb4 17. Rab1 Ra4 18. e5 dxe5 19. dxe5 Qxd2 20. N1xd2 Rxa2 21.
Nb3 Bc4 22. Nc5 Nd5 23. Bg5 Ncb4 24. Nd2 Rc8 25. Nxc4 Rxc5 26. Bf1 a5 27. Ra1
Rxa1 28. Rxa1 Nc6 29. Bd2 Nxe5 30. Nxe5 Bxe5 31. Rxa5 Rc2 32. Bh6 Kh7 33. Bf8
Bd4 34. Bd3 Rxf2 35. Kh1 Rd2 36. Be4 Nf6 37. Bf3 Rf2 38. Ra3 Ng4 39. Bxg4 hxg4
40. Bd6 e5 41. Rd3 Rf3 42. Rxf3 gxf3 43. g4 e4 44. Kh2 e3 45. Bg3 e2 0-1

[Event "Nordic Championship 2005 women"]
[Site "Vammala FIN"]
[Date "2005.09.01"]
[Round "9.1"]
[White "Laesson, Tuulikki"]
[Black "Ptacnikova, Lenka"]
[Result "1/2-1/2"]
[WhiteElo "2228"]
[BlackElo "2204"]
[PlyCount "31"]
[EventDate "2005.08.25"]
[EventType "swiss"]
[EventRounds "9"]
[EventCountry "FIN"]
[Source "lmi"]
[SourceDate "2005.09.03"]

1. e4 c5 2. d3 g6 3. f4 Bg7 4. Nf3 Nc6 5. g3 d6 6. Bg2 Nf6 7. O-O Bg4 8. h3
Bxf3 9. Bxf3 O-O 10. c3 e6 11. Be3 Rc8 12. Nd2 b6 13. Bg2 d5 14. e5 Nd7 15. Bf2
a6 16. Nb1 1/2-1/2

[Event "Nordic Championship 2005 women"]
[Site "Vammala FIN"]
[Date "2005.09.01"]
[Round "9.2"]
[White "Piarnpuu, Leili"]
[Black "Hagesaether, Ellen"]
[Result "0-1"]
[WhiteElo "2186"]
[BlackElo "2190"]
[PlyCount "91"]
[EventDate "2005.08.25"]
[EventType "swiss"]
[EventRounds "9"]
[EventCountry "FIN"]
[Source "lmi"]
[SourceDate "2005.09.03"]

1. d4 g6 2. Nf3 Bg7 3. c4 d6 4. g3 Nf6 5. Bg2 O-O 6. O-O Nbd7 7. Nc3 e5 8. e4
Re8 9. h3 exd4 10. Nxd4 Nc5 11. Re1 a5 12. Rb1 c6 13. Bf4 a4 14. b4 axb3 15.
axb3 h6 16. Kh2 Nh7 17. Be3 Ng5 18. f3 Bd7 19. Qd2 Ra3 20. h4 Nge6 21. Nce2
Nxd4 22. Nxd4 Be5 23. f4 Bf6 24. Bf2 Qe7 25. Qc2 Rea8 26. Kg1 Ra2 27. Rb2 Rxb2
28. Qxb2 Nd3 29. Qd2 Nxe1 30. Bxe1 Bg4 31. Bf2 Qd8 32. Nf3 Ra3 33. Qd3 Ra1+ 34.
Kh2 Ra2 35. Kg1 Rb2 36. Bd4 Bxd4+ 37. Qxd4 Rxb3 38. Nh2 Rxg3 39. Nf1 Rxg2+ 40.
Kxg2 Qxh4 41. Qe3 Be6 42. Nd2 Qg4+ 43. Kf2 h5 44. e5 d5 45. c5 h4 46. Nb1 0-1

[Event "Nordic Championship 2005 women"]
[Site "Vammala FIN"]
[Date "2005.09.01"]
[Round "9.3"]
[White "Bashkite, Viktoria"]
[Black "Johansson, Victoria"]
[Result "1/2-1/2"]
[WhiteElo "2173"]
[BlackElo "2218"]
[PlyCount "23"]
[EventDate "2005.08.25"]
[EventType "swiss"]
[EventRounds "9"]
[EventCountry "FIN"]
[Source "lmi"]
[SourceDate "2005.09.03"]

1. e4 c5 2. Nf3 Nc6 3. Bb5 d6 4. O-O Bd7 5. Bxc6 Bxc6 6. d3 Nf6 7. c4 e6 8. Nc3
Be7 9. Qe2 O-O 10. d4 d5 11. e5 Ne4 12. cxd5 1/2-1/2

[Event "Nordic Championship 2005 women"]
[Site "Vammala FIN"]
[Date "2005.09.01"]
[Round "9.4"]
[White "Agrest, Svetlana"]
[Black "De Blecourt, Sandra"]
[Result "1-0"]
[WhiteElo "2270"]
[BlackElo "2069"]
[PlyCount "121"]
[EventDate "2005.08.25"]
[EventType "swiss"]
[EventRounds "9"]
[EventCountry "FIN"]
[Source "lmi"]
[SourceDate "2005.09.03"]

1. e4 d5 2. exd5 Qxd5 3. Nc3 Qa5 4. d4 Nf6 5. Bc4 Bg4 6. Nf3 Nc6 7. h3 Qh5 8.
Bb5 O-O-O 9. Bxc6 bxc6 10. Qd3 Bxf3 11. Qxf3 Qxf3 12. gxf3 Rxd4 13. Be3 Rb4 14.
O-O-O e6 15. a3 Rc4 16. Rd3 Nd5 17. Ne4 Nxe3 18. fxe3 Be7 19. b3 Bxa3+ 20. Kb1
Rxe4 21. fxe4 Bd6 22. c3 f6 23. Rd2 g5 24. Kc2 h5 25. Rg2 Rg8 26. Rhg1 Rf8 27.
Kd3 Be7 28. Ra2 Kb7 29. Rga1 Bc5 30. b4 Rd8+ 31. Ke2 Bb6 32. Rf1 Rf8 33. Kd3 f5
34. exf5 exf5 35. Rg2 g4 36. hxg4 hxg4 37. c4 c5 38. b5 c6 39. bxc6+ Kxc6 40.
Ke2 Bc7 41. Rxg4 fxg4 42. Rxf8 g3 43. Rf6+ Kb7 44. Rg6 Be5 45. Kd3 Bc7 46. Ke4
a5 47. Kd3 a4 48. Kc2 Be5 49. Kb1 Kc7 50. Ka2 Kd7 51. Ka3 Ke7 52. Kxa4 Kf7 53.
Rg4 Kf6 54. e4 Bd6 55. Kb5 Ke5 56. Kc6 Be7 57. Rxg3 Kxe4 58. Rg4+ Kd3 59. Kd5
Kc3 60. Re4 Bf8 61. Re8 1-0

[Event "Nordic Championship 2005 women"]
[Site "Vammala FIN"]
[Date "2005.09.01"]
[Round "9.5"]
[White "Walta, Paivi"]
[Black "Vovk, Oksana"]
[Result "1/2-1/2"]
[WhiteElo "1826"]
[BlackElo "2125"]
[PlyCount "45"]
[EventDate "2005.08.25"]
[EventType "swiss"]
[EventRounds "9"]
[EventCountry "FIN"]
[Source "lmi"]
[SourceDate "2005.09.03"]

1. e4 e6 2. d4 d5 3. exd5 exd5 4. c4 Nf6 5. Nc3 Be7 6. Nf3 O-O 7. h3 dxc4 8.
Bxc4 Nbd7 9. O-O Nb6 10. Bd3 Nbd5 11. a3 c6 12. Re1 Qc7 13. Bg5 Be6 14. Qd2
Rad8 15. Rad1 Rfe8 16. Bc2 Nxc3 17. Qxc3 Nd5 18. Qd2 h6 19. Bxh6 Bf6 20. Bg5
Qe7 21. Bxf6 Qxf6 22. Qg5 Qxg5 23. Nxg5 1/2-1/2